Money-making Broadway Musical Shows: Sudden Death - Statistics

General Stats
  • This quiz has been taken 333 times
  • The average score is 9 of 12
Answers on the Grid
Answers color-coded by a green-red scale on the quiz's grid according to % correct below.
Wicked
Carrie
Chitty Chitty Bang Bang
The Lion King
Anyone Can Whistle
Lestat
Taboo
Tammy Faye
Rocky the Musical
Spider-Man Turn off the Dark
Kelly
Aladdin
Chicago
Les Misérables
Bring Back Birdie
Moose Murders
Mama Mia!
Pipe Dream
Phantom of the Opera
Jersey Boys
Cats
The Book of Mormon
Hamilton
Beauty and the Beast
 
Answer Stats
Answer % Correct
Phantom of the Opera
82%
Hamilton
80%
Les Misérables
79%
Wicked
79%
The Lion King
78%
Cats
76%
Chicago
75%
Mama Mia!
73%
The Book of Mormon
68%
Aladdin
65%
Beauty and the Beast
63%
Jersey Boys
52%
No matching quizzes found
Score Distribution
Percent of People with Each Score
Percentile by Number Answered
Your Score History
You have not taken this quiz